[Event "XVII MetLife Najdorf Open 2017"]
[Site "Warsaw"]
[Date "2017.07.09"]
[Round "1.73"]
[White "Baasansuren, Erdene"]
[Black "Omar, Noaman"]
[Result "0-1"]
[WhiteElo "2128"]
[BlackElo "2354"]
[Annotator "ChessBase"]
[PlyCount "72"]
[EventDate "2017.??.??"]
[EventType "swiss"]
[EventCountry "POL"]
[SourceTitle "playchess.com"]
[Source "ChessBase"]
[SourceQuality "1"]
[TimeControl "40/5400+30:1800+30"]

1. d4 d5 2. c4 e6 3. Nf3 Nf6 4. g3 dxc4 5. Bg2 c5 6. O-O Nc6 7. Qa4 Bd7 8. Qxc4 cxd4 9. Nxd4 Rc8 10. Rd1 Nxd4 11. Qxd4 Bc5 12. Qf4 O-O 13. Bxb7 e5 14. Qf3 e4 15. Bxe4 Qb6 16. Bd3 Ng4 17. e3 Qh6 18. h4 Ne5 19. Qf4 Qh5 20. Nc3 Bg4 21. Bc2 Rfd8 22. Rxd8+ Rxd8 23. Be4 h6 24. Kg2 Bd6 25. Bd5 Nd3 26. Qc4 Ne5 27. Qf4 Nd3 28. Qc4 Ne5 29. Qf4 Nd3 30. Qc4 Ne5 31. Qf4 Nd3 32. Qc4 Bh3+ 33. Kxh3 Qf5+ 34. g4 Qxf2 35. Bxf7+ Kh8 36. g5 Qg3# 0-1

[Event "XVII MetLife Najdorf Open 2017"]
[Site "Warsaw"]
[Date "2017.07.09"]
[Round "1.74"]
[White "Spitzl, Vinzent"]
[Black "Ghadiri, Radmehr"]
[Result "1-0"]
[WhiteElo "2348"]
[BlackElo "2125"]
[Annotator "ChessBase"]
[PlyCount "107"]
[EventDate "2017.??.??"]
[EventType "swiss"]
[EventCountry "POL"]
[SourceTitle "playchess.com"]
[Source "ChessBase"]
[SourceQuality "1"]
[TimeControl "40/5400+30:1800+30"]

1. e4 e6 2. d4 d5 3. e5 c5 4. c3 Nc6 5. Nf3 Qb6 6. a3 f6 7. Bd3 fxe5 8. dxe5 g6 9. O-O Bg7 10. Re1 c4 11. Bc2 Nh6 12. Bxh6 Bxh6 13. b3 cxb3 14. Bxb3 O-O 15. Ra2 Bd7 16. Nbd2 Na5 17. Nd4 Rac8 18. Nb1 Rf4 19. Bc2 Nc6 20. Nf3 Rcf8 21. Nbd2 Bg7 22. Bd3 Qc7 23. Qe2 Na5 24. Rc2 Ba4 25. Rcc1 Nb3 26. Nxb3 Bxb3 27. Nd4 Rxf2 28. Qe3 Qc5 29. Nxb3 Qxe3 30. Rxe3 Bh6 31. Ree1 Bxc1 32. Nxc1 R2f4 33. Ne2 Ra4 34. Ra1 Kf7 35. Nd4 Rc8 36. Bb5 Ra5 37. Bd7 Rxc3 38. Bxe6+ Ke7 39. Rb1 b6 40. Rf1 Rcxa3 41. Rf7+ Ke8 42. Rxh7 Rc3 43. Bd7+ Kf8 44. e6 Ra1+ 45. Kf2 Ra2+ 46. Ne2 Rcc2 47. e7+ Kg8 48. e8=Q+ Kxh7 49. Qf7+ Kh6 50. Qf4+ Kh7 51. Bg4 Rd2 52. Qf7+ Kh6 53. h4 d4 54. Qg8 1-0

[Event "XVII MetLife Najdorf Open 2017"]
[Site "Warsaw"]
[Date "2017.07.09"]
[Round "1.75"]
[White "Domanski, Lukasz"]
[Black "Lagunow, Raphael"]
[Result "0-1"]
[WhiteElo "2113"]
[BlackElo "2348"]
[Annotator "ChessBase"]
[PlyCount "42"]
[EventDate "2017.??.??"]
[EventType "swiss"]
[EventCountry "POL"]
[SourceTitle "playchess.com"]
[Source "ChessBase"]
[SourceQuality "1"]
[TimeControl "40/5400+30:1800+30"]

1. e4 c5 2. Nf3 Nc6 3. Bb5 g6 4. Bxc6 dxc6 5. h3 Bg7 6. d3 Nh6 7. Nc3 f6 8. Be3 b6 9. Qd2 Nf7 10. O-O e5 11. Nh2 O-O 12. f4 exf4 13. Rxf4 f5 14. Raf1 g5 15. Rxf5 Bxf5 16. Rxf5 h6 17. h4 gxh4 18. Ng4 Qd6 19. e5 Qg6 20. Nf6+ Kh8 21. Rh5 Bxf6 0-1

[Event "XVII MetLife Najdorf Open 2017"]
[Site "Warsaw"]
[Date "2017.07.09"]
[Round "1.76"]
[White "Siekanski, Janusz"]
[Black "Priyanka Nutakki"]
[Result "1/2-1/2"]
[WhiteElo "2287"]
[BlackElo "2104"]
[Annotator "ChessBase"]
[PlyCount "42"]
[EventDate "2017.??.??"]
[EventType "swiss"]
[EventCountry "POL"]
[SourceTitle "playchess.com"]
[Source "ChessBase"]
[SourceQuality "1"]
[TimeControl "40/5400+30:1800+30"]

1. d4 Nf6 2. c4 g6 3. Nc3 d5 4. cxd5 Nxd5 5. e4 Nxc3 6. bxc3 c5 7. Be3 Bg7 8. Qd2 O-O 9. Nf3 Qa5 10. Rb1 cxd4 11. cxd4 Qxd2+ 12. Kxd2 b6 13. Bd3 Rd8 14. Rhc1 Ba6 15. Rb3 Bxd3 16. Rxd3 Nd7 17. Ke2 Rac8 18. Rdc3 Rxc3 19. Rxc3 Nc5 20. e5 Ne6 21. Ra3 Rd7 1/2-1/2

[Event "XVII MetLife Najdorf Open 2017"]
[Site "Warsaw"]
[Date "2017.07.09"]
[Round "1.77"]
[White "Fus, Jakub"]
[Black "Prince, Bajaj"]
[Result "1/2-1/2"]
[WhiteElo "2103"]
[BlackElo "2344"]
[Annotator "ChessBase"]
[PlyCount "58"]
[EventDate "2017.??.??"]
[EventType "swiss"]
[EventCountry "POL"]
[SourceTitle "playchess.com"]
[Source "ChessBase"]
[SourceQuality "1"]
[TimeControl "40/5400+30:1800+30"]

1. d4 Nf6 2. c4 e6 3. Nf3 b6 4. g3 Ba6 5. b3 d5 6. Bg2 Bb4+ 7. Bd2 Be7 8. cxd5 exd5 9. Nc3 O-O 10. O-O Re8 11. Rc1 c5 12. Bf4 Bb7 13. Ne5 Na6 14. Nb5 Ne4 15. Bh3 Bg5 16. Bxg5 Nxg5 17. Bg2 Qe7 18. e3 Nb4 19. Nc3 Rad8 20. Re1 Qe6 21. a3 Nc6 22. Nxc6 Bxc6 23. Qh5 f6 24. Red1 g6 25. Qh6 Qf5 26. h4 Nf3+ 27. Bxf3 Qxf3 28. Qf4 Qxf4 29. gxf4 c4 1/2-1/2

[Event "XVII MetLife Najdorf Open 2017"]
[Site "Warsaw"]
[Date "2017.07.10"]
[Round "2.1"]
[White "Cheparinov, Ivan"]
[Black "Krzyzanowski, Marcin"]
[Result "0-1"]
[WhiteElo "2703"]
[BlackElo "2464"]
[Annotator "TA"]
[PlyCount "96"]
[EventDate "2017.??.??"]
[EventType "swiss"]
[EventCountry "POL"]
[SourceTitle "playchess.com"]
[Source "ChessBase"]
[SourceQuality "1"]

{[%evp 17,96,11,12,6,20,5,26,14,27,0,11,-6,0,-6,17,-15,-10,-27,-29,-27,-16,-25,-12,-34,0,-104,-63,-108,-116,-103,-89,-92,-90,-108,-93,-180,-192,-177,-187,-206,-120,-121,-125,-126,-139,-194,-190,-188,-186,-187,-53,-139,-154,-154,-137,-112,-112,-116,-45,-169,-167,-289,-289,-368,-368,-333,-307,-521,-493,-472,-458,-611,-554,-625,-625,-600,-581,-1259,-1259,-1178,-1177]} 1. d4 Nf6 2. c4 e6 3. Nf3 d5 4. g3 Bb4+ 5. Nbd2 O-O 6. Bg2 b6 7. O-O Bb7 8. b3 {E16: Queen's Indian: 4 g3 Bb7 5 Bg2 Bb4+} Nbd7 9. Bb2 Re8 {LiveBook: 3 Games} 10. Rc1 {The position is equal.} Rc8 11. Ne5 $146 ({Predecessor:} 11. a3 Bf8 12. Ne5 c5 13. Nxd7 Nxd7 14. dxc5 bxc5 15. Nb1 Ba6 16. cxd5 exd5 17. Qxd5 Rxe2 {½-½ (31) Wei,Y (2700)-Yu,Y (2738) China 2016}) 11... Qe7 12. cxd5 exd5 13. Ndf3 Nxe5 14. Nxe5 Bd6 15. e3 a5 16. Bh3 (16. Nc4 $5) 16... Ra8 17. Nc6 Bxc6 18. Rxc6 h5 {[%cal Bh7h5,Bh5h4][%mdl 32]} 19. a4 h4 20. Qf3 Ne4 21. Bg2 (21. Qh5 $11 {keeps the balance.}) 21... Qg5 22. Bc1 {[#]} Re6 $1 23. Qe2 hxg3 24. fxg3 Rae8 25. Bxe4 dxe4 26. Qb5 (26. Rc2 $17) 26... Qxb5 $19 27. axb5 Rh6 28. Rf5 g6 (28... f6 $19 29. Bb2 Kf7) 29. Rd5 $17 Rh5 30. Rxh5 gxh5 {[%mdl 4096] Endgame KRB-KRB} 31. Bb2 {[#]} (31. Kg2 $17) 31... Re6 $1 $19 32. d5 Rg6 33. Rc4 f5 (33... Rg5 $19 34. Rxe4 Rxd5 35. Re8+ Kh7) 34. Kf2 {[#]} (34. Rc6 $15) 34... h4 $1 $17 {[%mdl 512]} 35. gxh4 Rh6 36. h3 Rxh4 37. Kg2 Rh6 ({Better is} 37... Kf7 $17 38. Bd4 Rh5) 38. Rc1 (38. Bd4 $15) 38... Kf7 39. Rf1 (39. Rc6 {keeps fighting.}) 39... Rg6+ $19 40. Kh1 {[#]} f4 $1 {[%mdl 512]} 41. exf4 Rg3 $1 {[%csl LRb3,LRh3]} 42. Be5 $2 (42. b4 axb4 43. Be5) 42... Rxh3+ {Black is clearly winning.} 43. Kg2 Rxb3 44. Rh1 Rxb5 45. Rh7+ Kg6 46. Rg7+ Kh6 {Threatens to win with ...Bxe5.} 47. Rg5 Bxe5 48. Rxe5 a4 {Precision: White = 31%, Black = 59%.} 0-1

[Event "XVII MetLife Najdorf Open 2017"]
[Site "Warsaw"]
[Date "2017.07.10"]
[Round "2.2"]
[White "Kovalev, Vladislav"]
[Black "Bilguun, Sumiya"]
[Result "1/2-1/2"]
[WhiteElo "2639"]
[BlackElo "2460"]
[Annotator "TA"]
[PlyCount "55"]
[EventDate "2017.??.??"]
[EventType "swiss"]
[EventCountry "POL"]
[SourceTitle "playchess.com"]
[Source "ChessBase"]
[SourceQuality "1"]

{[%evp 15,55,32,25,29,32,16,8,4,11,14,102,108,100,85,83,72,104,106,91,98,107,98,102,106,102,28,34,36,27,0,0,0,0,0,0,0,0,0,0,0,0,0]} 1. e4 c5 2. Nf3 e6 3. d4 cxd4 4. Nxd4 a6 5. Bd3 Qc7 6. O-O Nf6 7. Qe2 d6 8. f4 g6 9. f5 {[#] Hoping for fxe6. B42: Sicilian: Kan Variation: 5 Bd3} Bg7 10. fxe6 fxe6 11. Nc3 (11. Bg5 O-O 12. Nd2 Nc6 13. Nxc6 Qxc6 14. Rf2 Bd7 15. Raf1 Qc5 16. e5 dxe5 {½-½ (41) Predke,A (2518)-Ponkratov,P (2604) Khanty-Mansiysk 2015}) 11... Nc6 12. Nxc6 bxc6 (12... Qxc6 $11 {remains equal.} 13. Be3 O-O) 13. e5 dxe5 14. Ne4 $36 {[%mdl 2048] White has strong initiative.} O-O 15. Be3 $146 ({Predecessor:} 15. Nxf6+ Rxf6 16. Rxf6 Bxf6 {0-1 (37) Ghader Pour,S (2185)-Sachdev,T (2417) Visakhapatnam 2008}) 15... Nxe4 16. Rxf8+ Bxf8 17. Bxe4 Rb8 {[%cal Ba8b8,Bb8b4,Bb4d4][%mdl 32]} 18. b3 c5 19. Qg4 c4 20. Rd1 (20. Rf1 $16) 20... cxb3 $1 $11 21. axb3 Rb4 22. h4 Bc5 {The position is equal.} 23. Bxc5 Qxc5+ 24. Kh2 {[#] aiming for c3.} Rd4 $1 25. Rf1 {h5 is the strong threat.} Qb4 26. Qf3 {Intending Qf7+ and mate.} Rxe4 27. Qf7+ Kh8 28. Qf6+ {Precision: White = 62%, Black = 76%.} 1/2-1/2

[Event "XVII MetLife Najdorf Open 2017"]
[Site "Warsaw"]
[Date "2017.07.10"]
[Round "2.3"]
[White "Romanishin, Oleg M"]
[Black "Fridman, Daniel"]
[Result "0-1"]
[WhiteElo "2463"]
[BlackElo "2635"]
[Annotator "TA"]
[PlyCount "64"]
[EventDate "2017.??.??"]
[EventType "swiss"]
[EventCountry "POL"]
[SourceTitle "playchess.com"]
[Source "ChessBase"]
[SourceQuality "1"]

{[%evp 21,64,0,0,-14,0,0,0,0,0,-27,-17,-19,-23,-15,-20,-23,-18,-24,-23,-19,-30,-23,-9,-14,-14,-14,-7,-45,-42,-41,0,-59,-55,-182,-192,-322,-312,-340,-341,-336,-346,-475,-462,-637,-639]} 1. d4 d5 2. Nf3 Nf6 3. c4 e6 4. g3 Be7 5. Bg2 O-O 6. Qc2 c5 7. dxc5 Qa5+ 8. Nc3 {[%cal Bb1c3,Bc3e4,Be4d6][%mdl 32]} dxc4 {E06: Closed Catalan: Early deviations} 9. O-O Nc6 10. Bg5 Qxc5 11. Bxf6 gxf6 {LiveBook: 3 Games} 12. Ne4 Qb5 13. Rfd1 {[#]} f5 $146 ({Predecessor:} 13... e5 14. Nc3 Qc5 15. Nh4 Nd4 16. Qc1 {1-0 (51) Lagno,K (2554)-Zatonskih,A (2508) Rogaska Slatina 2011}) 14. Nd6 Qc5 15. Nxc4 (15. Qxc4 {is more complex.} Bxd6 16. Qh4 f6 17. Rac1 Qb4 18. Rc4) 15... e5 {[%cal Be6e5,Be5e4][%mdl 32] With the idea ...e4.} 16. Ne3 Qxc2 17. Nxc2 Be6 18. Ne3 Rfd8 19. Bh3 e4 20. Ne1 Nd4 21. Kf1 a5 {[%cal Ba7a5,Ba5a4,Ba4a3,Ba3a2][%mdl 32]} 22. N1g2 a4 23. Nf4 Bf6 24. Nxe6 fxe6 25. Rac1 Nc6 26. Rxd8+ (26. g4 $11) 26... Rxd8 $15 27. b3 ({White should play} 27. Rc4 $15) 27... a3 $1 $19 28. Nc4 {[#]} (28. Rc4 {might work better.}) 28... Nb4 $1 29. Rb1 {[#]} Ra8 $1 ({Less strong is} 29... Nxa2 30. Nxa3 Kf7 31. g4 $17) 30. g4 Nxa2 {Strongly threatening ...Nc3.} 31. gxf5 Nc3 32. Ra1 a2 {Precision: White = 43%, Black = 86%.} 0-1

[Event "XVII MetLife Najdorf Open 2017"]
[Site "Warsaw"]
[Date "2017.07.10"]
[Round "2.4"]
[White "Piorun, Kacper"]
[Black "Sundararajan, Kidambi"]
[Result "1-0"]
[WhiteElo "2637"]
[BlackElo "2444"]
[Annotator "TA"]
[PlyCount "133"]
[EventDate "2017.??.??"]
[EventType "swiss"]
[EventCountry "POL"]
[SourceTitle "playchess.com"]
[Source "ChessBase"]
[SourceQuality "1"]

{[%evp 18,133,-1,-7,0,6,5,-12,0,-18,53,29,45,37,58,49,61,57,62,62,62,57,71,45,45,37,35,22,57,61,81,76,82,26,90,59,56,51,63,37,47,49,39,0,60,62,62,62,62,62,62,56,106,87,139,137,181,162,175,129,283,92,154,83,160,160,160,151,148,0,143,145,178,29,20,2,75,65,106,112,516,197,470,184,1008,847,951,1842,2144,2118,2079,1795,5069,5077,2729,2403,29973,29974,29974,29976,29976,29977,29977,29978,29978,29979,29974,29975,29983,29984,29984,29985,29985,29986,29986,29987,29987,29988]} 1. e4 e5 2. Nf3 Nc6 3. Bc4 Bc5 4. c3 Nf6 5. d4 exd4 6. e5 d5 7. Be2 Ne4 8. cxd4 Bb4+ 9. Nbd2 O-O {C54: Giuoco Piano: 4 c3 Nf6, main lines with 5 d4 and 5 d3} 10. O-O {LiveBook: 4 Games} f6 (10... Bg4 11. h3 Bh5 12. Nb3 f6 13. exf6 Qxf6 14. Be3 Rae8 15. Nc5 Bxc5 16. dxc5 Qxb2 17. Qxd5+ {1-0 (42) Mamedov,R (2637)-Smirin,I (2663) Khanty-Mansiysk 2013}) 11. exf6 $146 ({Predecessor:} 11. Nb3 fxe5 12. dxe5 Be6 13. Nbd4 Nxd4 14. Nxd4 Qe7 15. f3 Bc5 16. fxe4 dxe4 17. Be3 {½-½ (54) Hoffmann,H (2248)-Nagel,G (1847) Goerlitz 1997}) 11... Nxf6 {The position is equal.} 12. Bb5 (12. a3 $5 {[%cal Ra3b4]} Bxd2 13. Bxd2 $11) 12... Bg4 {Hoping for ...Nxd4!} 13. Bxc6 Bxd2 (13... bxc6 $11 14. Qc2 Bxd2 15. Nxd2 Qd7) 14. Bxd2 {Bb5 is the strong threat.} bxc6 15. Bb4 Rf7 16. Qd3 Rb8 {White must now prevent ...Bxf3.} 17. Ba3 {aiming for Ne5.} Bxf3 18. Qxf3 Ne4 19. Qe3 Qd7 20. Rac1 Re8 21. Qd3 Rf6 22. Rce1 Ree6 {White should prevent ...Nxf2!} 23. f3 Ng5 24. Bb4 Rg6 25. Qf5 (25. Kh1 $16) 25... Nf7 (25... Qf7 $11 {keeps the balance.} 26. Qxf7+ Kxf7) 26. Rxe6 (26. b3 {looks sharper.} Nd6 27. Qc2 Qe8 28. a4 Re3 29. Bd2) 26... Rxe6 27. Qd3 Qe8 28. Kf2 Qd8 29. g3 Qf6 30. Re1 Ng5 (30... Rxe1 $11 31. Bxe1 Ng5) 31. h4 $14 Ne4+ 32. Kg2 Nd6 33. Rxe6 Qxe6 34. h5 Nf5 35. g4 $36 {[%mdl 2048] White is on the roll.} Ne3+ (35... Nd6 $142) 36. Kf2 $16 Nc4 37. b3 Nd6 38. Qe3 Kf7 $2 (38... Qxe3+ $16 {is a better defense.} 39. Kxe3 Kf7) 39. Qf4+ $2 (39. Qxe6+ $1 $18 {and the rest is easy.} Kxe6 40. Ba5) 39... Ke8 ({Better is} 39... Qf6 40. Qxf6+ Kxf6) 40. Qg5 (40. Bc5 $142 $1) 40... Kf7 (40... Qf7 $142 41. Qe5+ Kd7) 41. Bc5 a6 42. Qd8 Qc8 43. Qg5 Qe6 44. Qd2 Qf6 {Threatens to win with ...Ne4+.} 45. Ke2 (45. Qa5 $1 $18 {[%cal Ra5c7]} Ne4+ 46. Ke3 Qg5+ 47. Ke2 Ng3+ 48. Kd1) 45... Nb7 $1 $11 46. Ba3 Nd6 (46... Nd8 $11) 47. Qe3 Nb5 48. Bc5 Qe6 $2 {[%mdl 8192]} (48... Nd6 $16 {is tougher.}) 49. Qxe6+ $18 Kxe6 {[%mdl 4096] Endgame KB-KN} 50. Ke3 $2 (50. a4) 50... Nd6 $2 {[#]} (50... Kf6 51. Bb4 Ke6) 51. Bxd6 $1 cxd6 {KP-KP} 52. b4 Kf6 53. f4 h6 54. Kd3 g6 55. hxg6 Kxg6 56. Ke3 h5 57. gxh5+ {White mates.} Kxh5 58. Kf3 Kh4 59. a4 Kh5 {[#]} 60. Kg3 $1 Kg6 61. Kg4 Kf6 62. f5 {[%cal Bf4f5,Bf5f6][%mdl 32]} Kg7 63. Kg5 Kf7 64. f6 c5 65. bxc5 dxc5 66. dxc5 {[%cal Bd4c5,Bc5c6][%mdl 32]} d4 67. c6 {Precision: White = 52%, Black = 36%.} 1-0

[Event "XVII MetLife Najdorf Open 2017"]
[Site "Warsaw"]
[Date "2017.07.10"]
[Round "2.5"]
[White "Drozdowski, Kacper"]
[Black "Edouard, Romain"]
[Result "0-1"]
[WhiteElo "2461"]
[BlackElo "2622"]
[Annotator "TA"]
[PlyCount "92"]
[EventDate "2017.??.??"]
[EventType "swiss"]
[EventCountry "POL"]
[SourceTitle "playchess.com"]
[Source "ChessBase"]
[SourceQuality "1"]

{[%evp 19,92,45,39,12,8,0,13,-23,-25,-20,-21,-29,-29,-27,0,0,12,-72,-70,-69,-65,-62,-52,-48,-59,-78,-73,-79,-86,-60,-70,-60,-102,-322,-218,-202,-198,-230,-226,-222,-189,-179,-202,-191,-170,-199,-185,-186,-132,-128,-132,-140,-139,-166,-172,-197,-199,-299,-298,-290,-291,-542,-531,-725,-718,-943,-942,-912,-900,-837,-850,-832,-822,-785,-778]} 1. e4 c5 2. Nf3 Nc6 3. Nc3 g6 4. d4 cxd4 5. Nxd4 Bg7 6. Be3 Nf6 7. Bc4 O-O 8. Bb3 a6 9. f3 {B35: Sicilian: Accelerated Dragon with 5 Nc3: main line} Qc7 (9... e6 10. f4 d6 11. Qf3 Nxd4 12. Bxd4 b5 13. O-O-O Bb7 14. Rhe1 a5 15. Nxb5 a4 16. Bc4 Rc8 17. Nxd6 Qxd6 18. Bxf6 {1-0 (64) Svidler,P (2743)-Zvjaginsev,V (2655) Kazan 2014}) 10. Qd2 b5 {[%cal Bb7b5,Bb5b4][%mdl 32] LiveBook: 17 Games} 11. O-O $146 {White is slightly better.} ({Predecessor:} 11. O-O-O Bb7 12. g4 Na5 13. Bh6 Rac8 14. Bxg7 Kxg7 15. Kb1 b4 16. Nce2 Nxb3 17. axb3 Rfd8 18. Ng3 Kh8 19. g5 Ng8 {1-0 (71) Havelka,J (2326)-Plischki,S (2373) Prague 2017}) 11... Na5 12. Rad1 Bb7 13. Qf2 b4 14. Na4 d5 15. exd5 Nxb3 ({Much weaker is} 15... Nxd5 $6 16. Bxd5 Bxd5 17. Nb3 $14) 16. d6 Qxd6 {...Nxd4 is the strong threat.} 17. Nxb3 Qc7 18. Nac5 (18. c3 $11) 18... Bc6 $17 19. Nd3 Nd5 20. Bd4 e5 21. Bc5 Rfb8 22. Nd2 Bb5 23. Ne4 {Black must now prevent Bd6.} Rc8 24. Rfe1 f5 25. Bd6 Qxc2 26. Rd2 $2 (26. Nec5 $17 {was necessary.} Qxf2+ 27. Kxf2) 26... Qc6 27. Nxe5 Bxe5 28. Bxe5 {Hoping for Nd6.} fxe4 29. fxe4 Ne7 30. Rd6 {[#] Threatens to win with Qf6.} Rf8 $1 {[%cal Rf8f2]} 31. Qe3 Qc4 {( -> ...Rf1+)} 32. h4 {[#]} Nc6 $1 {[%cal Rc6e5]} 33. Bf6 Qf7 (33... Rae8 $19 34. b3 Qf7) 34. h5 Qa7 35. hxg6 hxg6 36. Qxa7 Rxa7 37. Rc1 Nb8 38. e5 (38. Be5 {was worth a try.}) 38... Nd7 $19 39. Be7 Re8 ({Less strong is} 39... Nxe5 40. Bxf8 Kxf8 41. b3 $17) 40. Rxg6+ $2 (40. e6 {was forced.} Rxe7 41. exd7 Raxd7 42. Rxg6+ Kf7 43. Rg4) 40... Kf7 {Black is clearly winning.} 41. Bc5 Rc7 42. Rg5 Rxc5 43. e6+ Rxe6 44. Rgxc5 Nxc5 45. Rxc5 Re1+ 46. Kh2 Re2 {Precision: White = 45%, Black = 86%.} 0-1

[Event "XVII MetLife Najdorf Open 2017"]
[Site "Warsaw"]
[Date "2017.07.10"]
[Round "2.6"]
[White "Dragun, Kamil"]
[Black "Janik, Igor"]
[Result "1-0"]
[WhiteElo "2621"]
[BlackElo "2425"]
[Annotator "TA"]
[PlyCount "79"]
[EventDate "2017.??.??"]
[EventType "swiss"]
[EventCountry "POL"]
[SourceTitle "playchess.com"]
[Source "ChessBase"]
[SourceQuality "1"]

{[%evp 18,79,42,5,16,21,25,4,16,0,0,0,1,0,0,0,0,0,0,0,60,54,129,-27,-17,-18,-26,-17,-14,-18,16,37,25,28,94,83,91,82,93,87,83,94,89,96,210,166,432,435,427,431,431,432,427,432,577,577,646,648,761,747,823,811,1398,1339]} 1. e4 c5 2. Nf3 d6 3. Bb5+ Nd7 4. O-O a6 5. Bd3 Ngf6 (5... b5 6. Re1 Bb7 7. a4 b4 8. Bc4 Ngf6 9. d3 e6 10. Nbd2 Be7 11. Nf1 O-O 12. Ng3 d5 {1-0 (50) Vachier Lagrave,M (2783)-Nepomniachtchi,I (2766) Leuven 2017}) 6. c3 {B51: Sicilian: Moscow Variation (3 Bb5+) without 3...Bd7} b5 7. Bc2 Bb7 8. Re1 e5 9. d4 Be7 10. Nbd2 {LiveBook: 16 Games} Qc7 11. Nf1 O-O 12. a4 $146 ({Predecessor:} 12. Ng3 g6 {0-1 (46) Nevednichy,V (2563)-Lu,S (2566) Bazna 2014}) 12... Rfe8 13. Ng3 cxd4 14. cxd4 Rac8 15. Bb3 exd4 16. Nxd4 Nc5 {[%cal Rf6e4]} 17. axb5 axb5 {[%cal Rf6e4]} 18. Bc2 $1 Qb6 (18... b4 $11) 19. b4 $1 $14 {[%cal Rb4c5]} Na6 (19... Ncxe4 $14 20. Nxe4 Bxe4) 20. Bb3 $2 ({Better is} 20. Be3 $16) 20... d5 $1 $11 21. e5 Bxb4 22. Re3 Nd7 23. Bb2 {Threatening Qg4.} Rxe5 24. Ndf5 Rxe3 25. fxe3 $40 {[%mdl 128] White is up to no good.} Nf6 {[#]} (25... Bf8 $1 $11 {keeps the balance.}) 26. Bd4 $1 $16 {[%cal Rd4b6]} Qe6 {[#]} 27. Nxg7 $1 {[%mdl 512]} Kxg7 28. Nh5+ Kf8 {And now ...Nxh5 would win.} 29. Nxf6 {Strongly threatening Qd3.} Bc3 {[#]} 30. Rb1 $1 Nb4 (30... Nc5 $16) 31. e4 $1 $18 (31. Nxh7+ Ke7 $16) 31... Ke7 $2 (31... Qd6 {is a better defense.} 32. Kh1 (32. Nxh7+ Ke7 $11) 32... Qf4) 32. exd5 {White is clearly winning.} Bxd5 33. Nxd5+ Nxd5 34. Bf2 Rd8 35. Qf3 Qe5 36. Bc5+ Ke6 37. Rd1 b4 38. Qh3+ f5 39. Qxh7 {[%csl Gc5][%cal Rh7e7]} Kf6 40. Qh4+ {Precision: White = 66%, Black = 36%.} 1-0

[Event "XVII MetLife Najdorf Open 2017"]
[Site "Warsaw"]
[Date "2017.07.10"]
[Round "2.7"]
[White "Noe, Christopher"]
[Black "Jumabayev, Rinat"]
[Result "0-1"]
[WhiteElo "2451"]
[BlackElo "2620"]
[Annotator "TA"]
[PlyCount "110"]
[EventDate "2017.??.??"]
[EventType "swiss"]
[EventCountry "POL"]
[SourceTitle "playchess.com"]
[Source "ChessBase"]
[SourceQuality "1"]

{[%evp 10,110,14,12,29,21,25,16,38,38,32,33,30,16,25,-6,16,10,0,0,12,0,0,0,0,-17,-10,-12,0,0,0,0,5,1,0,0,25,0,0,0,0,0,0,0,0,0,0,0,0,0,0,0,0,-36,0,-144,-159,-130,-131,-148,-142,-144,-142,-148,-166,-131,-143,-234,-231,-245,-97,-90,-94,-66,-75,-77,-94,-30,-46,-130,-90,-148,0,0,0,-116,-108,-2662,-2845,-2325,-2491,-4008,-1918,-12840,-12840,-12841,-12837,-12837,-12838,-12838,-12839,-12845,-12845]} 1. d4 Nf6 2. c4 e6 3. Nf3 Bb4+ 4. Nbd2 O-O 5. a3 Be7 6. e4 d6 {E11: Bogo-Indian} 7. Bd3 (7. Be2 Nbd7 8. O-O e5 9. b4 exd4 10. Nxd4 Re8 11. f3 a5 12. N2b3 axb4 13. axb4 Rxa1 14. Nxa1 {½-½ (59) Rodshtein,M (2698)-Bachmann,A (2646) Chartres 2017}) 7... e5 8. O-O Nfd7 {The position is equal.} 9. d5 a5 10. Bc2 $146 ({Predecessor:} 10. b3 Nc5 11. Bc2 Bg4 12. Rb1 Nba6 13. b4 axb4 14. axb4 {1-0 (53) Ushenina,A (2450)-Paehtz,E (2472) Huaian 2016}) 10... c6 11. Rb1 Na6 12. b4 cxd5 13. cxd5 axb4 14. axb4 Nb6 15. Re1 Bd7 16. Nf1 Nc7 17. Ne3 Nb5 {Threatens to win with ...Nc3.} 18. Qd3 g6 19. Bb2 Bf6 20. Ra1 Nc7 21. Rxa8 Qxa8 22. Ra1 Qb8 23. Qa3 Nb5 24. Qb3 Qc7 25. Bd3 Rc8 26. h3 Bg7 27. Rc1 Qd8 28. Ra1 Qc7 29. Rc1 Qd8 30. Ra1 h5 31. Kh1 Qf6 (31... Nd4 $5 {[%cal Rd4b3]} 32. Nxd4 exd4 $11) 32. Nc4 (32. Kg1 $11 {keeps the balance.}) 32... Nxc4 $17 33. Bxc4 Nd4 $1 {[%cal Rd4b3]} 34. Nxd4 exd4 35. Kg1 Qf4 36. Re1 b5 $1 {[%cal Rb5c4]} 37. Bf1 h4 $1 38. Qf3 (38. Qd3 $17 {was called for.} Be5 39. g3 hxg3 40. fxg3) 38... Qd2 $19 39. Rb1 Rc2 ({Not} 39... Qxb4 40. Qd1 $15) (39... f5 $19 {is more deadly. And now ...fxe4 would win.} 40. Qd3 Rc2 41. Qxd2 Rxd2) 40. Rd1 $17 Qxb4 41. Ba3 {[%cal Bb2a3,Ba3d6,Bd6e5][%mdl 32]} Qa4 $1 {...Rc3 is the strong threat.} 42. Bxd6 Rc3 $36 {[%mdl 2048] Black has strong initiative.} 43. Qe2 b4 {[%cal Bb5b4,Bb4b3,Bb3b2][%mdl 32]} 44. e5 (44. Qe1 $1 $15 d3 45. Rxd3 (45. Bxd3 b3 $11)) 44... b3 $1 45. e6 Be8 ({Black should play} 45... fxe6 $1 $17 {Strongly threatening ...Qa2.} 46. dxe6 Be8) 46. Be5 $1 $11 d3 47. Qe1 {[#]} (47. Rxd3 $11 {was the only way to keep the balance.} Rxd3 48. Bxg7 Rxd5 49. Bb2) 47... b2 $1 $17 48. d6 $2 {[%mdl 8192]} (48. exf7+ $17 Bxf7 49. Bxc3 (49. Bxg7 $2 Qxd1 50. Qxd1 Rc1 $19) 49... Bxc3 50. Qxc3 Qxd1 51. Qxb2) 48... Bxe5 $19 {Black is clearly winning.} 49. d7 {[#]} Bxd7 $1 50. exd7 Qxd7 51. Qxe5 Rc1 52. Qb8+ Kh7 53. Qb3 Rxd1 54. Qxd1 d2 55. Be2 Qf5 {Precision: White = 46%, Black = 76%.} 0-1